UM Logo
Normal view MARC view
  • Firearms -- Identification -- Problems, exercises, etc.

Entry Topical Term

Number of records used in: 1

001 - CONTROL NUMBER

  • control field: 40598

003 - CONTROL NUMBER IDENTIFIER

  • control field: OSt

005 - DATE AND TIME OF LATEST TRANSACTION

  • control field: 20191112133357.0

008 - FIXED-LENGTH DATA ELEMENTS

  • fixed length control field: 191112|| aca||aabn | a|a d

040 ## - CATALOGING SOURCE

  • Original cataloging agency: OSt
  • Transcribing agency: OSt

150 ## - HEADING--TOPICAL TERM

  • Topical term or geographic name entry element: Firearms -- Identification -- Problems, exercises, etc.

670 ## - SOURCE DATA FOUND

  • Source citation: Work cat.: (OSt): Grimares, Erdulfo M. 40596, Laboratory manual in forensic ballistics /, 2018